LEADER 01244oam 2200397Ia 450 001 9910698830703321 005 20090615141954.0 035 $a(CKB)5470000002397561 035 $a(OCoLC)318692295 035 $a(EXLCZ)995470000002397561 100 $a20090122d2008 ua 0 101 0 $aeng 135 $aurmn||||||||| 181 $ctxt$2rdacontent 182 $cc$2rdamedia 183 $acr$2rdacarrier 200 10$aDevelopment of a profiling scanner$b[electronic resource] /$fby David Y.T. Chiu and Troy Alexander 210 1$aAdelphi, MD :$cArmy Research Laboratory,$d[2008] 215 $aiv, 32 pages $cdigital, PDF file 225 1 $aARL-TR ;$v4573 300 $aTitle from title screen (viewed June 15, 2009). 300 $a"September 2008." 606 $aScanning systems 606 $aMicrocomputers$xData processing 615 0$aScanning systems. 615 0$aMicrocomputers$xData processing. 700 $aChiu$b David Y. T$01400346 701 $aAlexander$b Troy$01400347 712 02$aU.S. Army Research Laboratory. 801 0$bDTICE 801 1$bDTICE 801 2$bGPO 906 $aBOOK 912 $a9910698830703321 996 $aDevelopment of a profiling scanner$93467139 997 $aUNINA